000
00309nam a22001337a 4500
008
180209b xxu||||| |||| 00| 0 eng d
020
_a
9780078216855
041
_a
eng
080
_a
51
100
_a
30
101
_a
MAT
245
_a
MATHEMATICS APLICATIONS AND CONECTIONS
_c
MCGRAW.H
942
_2
udc
_c
BK
999
_c
42230
_d
42230